Normal view
MARC view
Entry Personal Name
001 - CONTROL NUMBER
- control field: 35810
003 - CONTROL NUMBER IDENTIFIER
- control field: dpl
005 - DATE AND TIME OF LATEST TRANSACTION
- control field: 20111109171449.0
008 - FIXED-LENGTH DATA ELEMENTS
- fixed length control field: 111109|||a|||||| | ||| d
040 ## - CATALOGING SOURCE
- Original cataloging agency: dpl
- Transcribing agency: dpl
100 ## - HEADING--PERSONAL NAME
- Personal name:
- Dates associated with a name: 1926-1977.
670 ## - SOURCE DATA FOUND
- Source citation: Work cat.: (dpl)0: Uderzo. 35809, Asterix and the falling sky /, 2005.
670 ## - SOURCE DATA FOUND
- Source citation: Work cat.: (dpl)0: Uderzo. 35809, Asterix and the falling sky /, 2005.
